Responses for Show #7004 - Thursday, February 12, 2015

2015 Teachers Tournament final game 1.

Contestants

[<< previous game]

Jennifer Giles, a third grade teacher from Longmont, Colorado

Cathy Farrell, a high school science teacher from Wyandotte, Michigan

Adam Elkana-Hale, a middle school math teacher from St. Louis, Missouri

[next game >>]

Jeopardy! Round responses

SHE-ROES
(Alex: ...not HEROES.)
A TEXTBOOK CATEGORY
SHAKE IT UP!
WEDDINGS OF THE STARS
"OY" TO THE WORLD
REMEMBER MAINE!
    $200 1
Anne Frank

Jennifer
    $200 6
(Adam: What is the Declaration of Independence?)

the Constitution

AdamCathy
    $200 16
chocolate

Jennifer
    $200 26
Brad & Angelina

Jennifer
    $200 21
Toyota

Adam
    $200 11
Augusta

Adam
    $400 2
Harriet Tubman

Cathy
    $400 7
chemistry

Jennifer
    $400 17
s'mores

Adam
    $400 27
Pharrell

Adam
    $400 22
unemployment

Adam
    $400 12
a lobster

Cathy
    $600 3
a hospice

Adam
    $600 8
urban planning

Adam
    $600 18
Dairy Queen

Adam
    $600 28
Kate Winslet

Jennifer
    $600 23
an alloy

Adam
    $600 13
the Appalachian Trail

Adam
    $800 4
Maria Von Trapp

Cathy
    $800 9
psychology

Adam
    $800 19
Frostys

Jennifer
    $800 29
Richard Burton

Jennifer
    $800 24
Troy

Adam
    $800 14
Henry Wadsworth Longfellow

Triple Stumper
    $1000 5
a nurse

Cathy
    $1,800 10
MLK's letter from Birmingham jail

Adam
    $1000 20
dulce de leche

Adam
    $1000 30
George Lucas

Cathy
    $1000 25
Kilroy

Adam
    $1000 15
Missouri

Cathy

Scores at the first commercial break (after clue 15):

Adam Cathy Jennifer
$4,400 $3,800 $600

Scores at the end of the Jeopardy! Round:

Adam Cathy Jennifer
$9,800 $4,800 $3,200

Double Jeopardy! Round responses

1990s FICTION
ANATOMY
A LITTLE OF EVERYTHING
A HISTORY LESSON
(Alex: And if you select...)
SUCCINCT SILVER SCREEN SUMMARIES
(Alex: ...just say "4S" because...)
THAT'S QUITE A MOUTHFUL!
    $400 26
Tom Clancy

Jennifer
    $400 12
kidneys

Jennifer
    $400 1
wine

Jennifer
    $400 6
(Lech) Walesa

Adam
    $400 11
Psycho

Cathy
    $400 21
debt

Adam
    $800 27
The Pelican Brief

Cathy
    $800 15
the mandible

Jennifer
    $800 2
crochet

Jennifer
    $4,000 7
(Adam: What is York?)

Buckingham

Adam
    $800 13
(Alex: The brain was workin' hard on that one!)
(Jennifer: Yest, it was!)

Citizen Kane

Jennifer
    $800 22
the leaves

Jennifer
    $1200 28
a Spider

Cathy
    $1200 16
the jugulars

Jennifer
    $1200 3
the Mughal Empire

Jennifer
    $1200 8
Kosovo

Adam
    $1200 14
Some Like it Hot

Cathy
    $1200 23
verses

Cathy
    $1600 29
(Alex: Jennifer, you knew that, but didn't ring in.)

The Poisonwood Bible

Triple Stumper
    $3,000 17
the pericardium

Jennifer
    $1600 4
(Jennifer: What is Vanderbilt?)

Sarah Lawrence College

Jennifer
Triple Stumper
    $1600 9
Attica

Triple Stumper
    $1600 19
The Help

Adam
    $1600 24
clouds

Adam
    $2000 30
Smilla's Sense of Snow

Jennifer
    $2000 18
speech

Cathy
    $2000 5
Crete

Adam
    $2000 10
Puyi

Triple Stumper
    $2000 20
The Treasure of the Sierra Madre

Jennifer
    $2000 25
(Jennifer: What is mucousy? What is slimy?)
[Cathy gave both listed responses.]

sticky (or gluelike)

CathyJennifer

Scores at the end of the Double Jeopardy! Round:

Adam Cathy Jennifer
$13,000 $13,600 $13,400

Final Jeopardy! Round responses

WORLD GEOGRAPHY
(Alex: Time's up. Oh, Adam's upset with himself because he wrote something down and then, I believe, tried to change it. What did you write down? Let's take a look. You were going for, it looks like, the Jordan River and were crossing that out to something that began with "G-R"?)
(Adam: "G-A".)
AdamWhat is the Jorda Gr
$10,000
JenniferWhat is the Danube? Ganges
$9,000
CathyWhat is the Ganges?
$5,000
the Ganges

Final scores:

Adam Cathy Jennifer
$3,000 $18,600 $22,400

Game dynamics:

Coryat scores:

Adam Cathy Jennifer
$16,200 $13,600 $12,000
21 R
(including 1 DD),
2 W
(including 1 DD)
14 R,
0 W
19 R
(including 1 DD),
2 W

Combined Coryat: $41,800

[game clues] [game scores] [suggest correction]

Game tape date: Unknown
The J! Archive is created by fans, for fans. Scraping, republication, monetization, and malicious use prohibited; this site may use cookies and collect identifying information. See terms. The Jeopardy! game show and all elements thereof, including but not limited to copyright and trademark thereto, are the property of Jeopardy Productions, Inc. and are protected under law. This website is not affiliated with, sponsored by, or operated by Jeopardy Productions, Inc. Join the discussion at JBoard.tv.